000 00780nam a2200229 a 4500
005 20231213063558.0
008 160815s2013 mx r 000 0 spa d
020 _a9786074017021
035 _aUPN01000212331
049 _aCG
050 4 _aHB95
_bL3.2
245 0 3 _aEl laberinto de la cultura neoliberal :
_bcrisis, migración y cambio /
_ccoord. Raúl Delgado Wise.
260 _aMéxico :
_bUniversidad Autónoma de Zacatecas :
_bPorrúa,
_c2013.
300 _a147 p.
440 0 _aDesarrollo y migración
650 4 _aNEOLIBERALISMO -
_xASPECTOS SOCIALES
_925186
650 4 _aEmigración e inmigración
_xAspectos sociales
_915743
650 2 _aGlobalización
_xAspectos sociales
_912860
700 1 _aDelgado Wise, Raúl,
_ecoord.
905 _aLibro
999 _c184431
_d184431